Estudi dels pilots (Record no. 121146)

MARC details
000 -LEADER
campo de control de longitud fija 00612nam a2200169 4500
001 - NÚMERO DE CONTROL
campo de control 121146
003 - IDENTIFICADOR DE NÚMERO DE CONTROL
campo de control ES-MaACL
005 - FECHA Y HORA DE LA ÚLTIMA TRANSACCIÓN
campo de control 20230906191710.0
007 - CAMPO FIJO DE DESCRIPCIÓN FÍSICA--INFORMACIÓN GENERAL
campo de control de longitud fija t|
008 - DATOS DE LONGITUD FIJA--INFORMACIÓN GENERAL
campo de control de longitud fija 070214s1960 sp r ||||1| spa d
100 1# - ENTRADA PRINCIPAL--NOMBRE DE PERSONA
Nombre de persona Pons Guri, José María.
9 (RLIN) 93017
245 10 - MENCIÓN DEL TÍTULO
Título Estudi dels pilots
Resto del título : ensayo monográfico sobvre la Real Escuela Naútica de Arenys de Mar /
Mención de responsabilidad, etc. por José María Pons Guri.
260 ## - PUBLICACIÓN, DISTRIBUCIÓN, ETC.
Lugar de publicación, distribución, etc. Arenys de Mar :
Nombre del editor, distribuidor, etc. Archivo Histórico y Museo Fidel Fita,
Fecha de publicación, distribución, etc. 1960.
300 ## - DESCRIPCIÓN FÍSICA
Extensión 148 p., 38 lám. ;
Dimensiones 24 cm.
710 2# - ENTRADA AGREGADA--NOMBRE DE ENTIDAD CORPORATIVA
Nombre de entidad corporativa o nombre de jurisdicción como elemento de entrada Archivo Histórico y Museo Fidel Fita.
9 (RLIN) 1459
852 ## - LOCALIZACIÓN
Ubicación ES-MaACL
Número de control de estantería C-19144
Sublocalización o colección R.47072
Holdings
Estatus retirado Estado de pérdida Estado de daño No para préstamo Biblioteca de origen Biblioteca actual Ubicación en estantería Fecha de adquisición Fuente de adquisición Total de préstamos Signatura topográfica completa Código de barras Visto por última vez Precio de reemplazo Tipo de ítem Koha
        Biblioteca del Ateneo de Madrid Biblioteca del Ateneo de Madrid Galería 17/01/2008     C-19144 1126258 23/02/2023 23/02/2023 Libro impreso